| 000 | 01150nam a2200289 a 4500 | ||
|---|---|---|---|
| 001 | BRCA_4927 | ||
| 005 | 20190320204849.0 | ||
| 008 | 211010s1819----mx-######v---#000-0#spa-# | ||
| 041 | _aspa | ||
| 044 | _amx | ||
| 084 |
_aDOC30 _b.A76 _c1819 |
||
| 100 | 1 |
_aArmijo, José _cMilitar _e1774-1830 _912502 |
|
| 245 | 1 | 0 |
_aDocumento firmado por Don José Armijo _cDon José Armijo, Don Manuel Reyes. |
| 260 |
_aMéxico _c1819 |
||
| 300 |
_a[1] foja _c20 x 15 cm |
||
| 500 | _aDocumento firmado el 18 de diciembre de 1819 | ||
| 500 | _aDocumento autógrafa de Don José Armijo dirigida a Don Manuel Reyes, fechada en Texupilco | ||
| 500 | _aEl documento tiene la leyenda DOC. #39 | ||
| 500 | _aEstado de conservación: Contiene anotaciones con tinta roja | ||
| 506 | 0 | _aFondo reservado: para su consulta es necesario credencial de usuario y carta de motivos | |
| 546 | _aTexto en: español de principios del siglo XIX | ||
| 600 | 1 | 4 |
_aArmijo, José Gabriel _d1774-1830 _eMilitar _912503 |
| 651 | 4 |
_aMéxico _vManuscrito _xHistoria _yGuerra de la Independencia, 1810-1821 _912504 |
|
| 700 | 1 |
_aReyes, Manuel _912505 |
|
| 902 | _aFDH | ||
| 942 |
_2lcc _cD |
||
| 999 |
_c4621 _d4621 |
||